000 00711nam a2200241Ia 4500
008 161112s9999 xx 000 0 und d
020 _a978-1-84476-429-7
050 _aCUL TX 771.2
050 _b.M87 2007
100 _aMurfitt, Janice.
245 0 _a50 novelty cakes & party cakes :
245 0 _bdelicious cakes for birthdays, festivals and special occasions, shown step by step over 270 colour photographs /
245 0 _cJanice Murfitt & Louise Pickford.
260 _aLondon :
260 _bSouthwater,
260 _c2007
300 _a96 pages :
300 _bcolor illustrations ;
300 _c28 cm.
500 _aIncludes index.
650 _aCake decorating.
650 _xBaking.
999 _c305224
_d305224